Risultati Serie A 2023-2024 - 12ª giornata - Statistics

Statistiche generali
  • Questo quiz è stato fatto 7 volte
  • Il punteggio medio è 4 su 10
Statistiche sulle risposte
Hint Risposta % Corretto
Inter-Frosinone 2-0
83%
Lecce-Milan 2-2
67%
Lazio-Roma 0-0
50%
Monza-Torino 1-1
50%
Juventus-Cagliari 2-1
50%
Sassuolo-Salernitana 2-2
50%
Napoli-Empoli 0-1
33%
Udinese-Atalanta 1-1
33%
Fiorentina-Bologna 2-1
17%
Genoa-Verona 1-0
0%
Nessun quiz corrispondente trovato
Distribuzione punteggi
Percentuale di utenti per punteggio
Percentile per numero di risposta
I tuoi punteggi nel tempo
Non hai fatto questo quiz